000 00638nam a22002297a 4500
003 UA-OsUOA
001 92461
007 ta
008 20121218b un ||||| |||| 00| 0 ukr d
100 _aАлексин А. Г.
090 _a821.161.1
_bА48
942 _cBK
040 _aUA-OsUOA
_brus
_cUA-OsUOA
_dUA-OsUOA
245 _aПозавчера и послезавтра
_bповести
300 _a224 с.
955 _a3
041 _arus
080 _a821.161.1
260 _aМ.
_bСоветский писатель
_c1980
650 7 _a82 Література. Літературознавство
_2UDC
999 _c378706
_d378706